Fliesen (Record no. 7784)

MARC details
000 -CABECERA
campo de control de longitud fija 00871nam a2200277 a 4500
001 - NÚMERO DE CONTROL
campo de control BRCA_8116
005 - FECHA Y HORA DE LA ÚLTIMA TRANSACCIÓN
campo de control 20190320210134.0
008 - DATOS DE LONGITUD FIJA--INFORMACIÓN GENERAL
campo de control de longitud fija 090414s1964----gw-a###f##---#001-0#ger-#
041 ## - CÓDIGO DE LENGUA
Código de lengua del texto/banda sonora o título independiente ger
044 ## - CÓDIGO DEL PAÍS DE LA ENTIDAD EDITORA/PRODUCTORA
Código MARC del país gw
050 #4 - SIGNATURA TOPOGRÁFICA DE LA BIBLIOTECA DEL CONGRESO
Número de clasificación NK4670
Número de documento/Ítem .F55
-- 1964
100 1# - ENTRADA PRINCIPAL--NOMBRE DE PERSONA
Nombre de persona Berendsen, Anne
9 (RLIN) 20203
245 10 - MENCIÓN DE TÍTULO
Título Fliesen
Resto del título eine geschichte der wand
Mención de responsabilidad, etc. Anne Berendsen ... [et al.].
260 ## - PUBLICACIÓN, DISTRIBUCIÓN, ETC.
Lugar de publicación, distribución, etc. Munchen
Nombre del editor, distribuidor, etc. Keyser
Fecha de publicación, distribución, etc. 1964
300 ## - DESCRIPCIÓN FÍSICA
Extensión 287 p.
Otras características físicas il. (algunas a color)
Dimensiones 31 cm.
500 ## - NOTA GENERAL
Nota general Y171
650 14 - PUNTO DE ACCESO ADICIONAL DE MATERIA--TÉRMINO DE MATERIA
Término de materia o nombre geográfico como elemento de entrada Azulejos
Subdivisión de forma Catálogos
9 (RLIN) 20204
650 14 - PUNTO DE ACCESO ADICIONAL DE MATERIA--TÉRMINO DE MATERIA
Término de materia o nombre geográfico como elemento de entrada Azulejos
Subdivisión de forma Historia
9 (RLIN) 20205
650 14 - PUNTO DE ACCESO ADICIONAL DE MATERIA--TÉRMINO DE MATERIA
Término de materia o nombre geográfico como elemento de entrada Cerámica
Subdivisión de forma Coleccionistas y colecciones
Subdivisión geográfica Alemania
9 (RLIN) 20206
700 1# - PUNTO DE ACCESO ADICIONAL--NOMBRE DE PERSONA
Nombre de persona Kreezer, Marcel B.
Término indicativo de función/relación coaut.
9 (RLIN) 20207
700 1# - PUNTO DE ACCESO ADICIONAL--NOMBRE DE PERSONA
Nombre de persona Schoubye, Sigurd
Término indicativo de función/relación coaut.
9 (RLIN) 20208
700 1# - PUNTO DE ACCESO ADICIONAL--NOMBRE DE PERSONA
Nombre de persona Dos Santos Simoes, Joao Miguel
Término indicativo de función/relación coaut.
9 (RLIN) 20209
700 1# - PUNTO DE ACCESO ADICIONAL--NOMBRE DE PERSONA
Nombre de persona Tichelaar, Jan
Término indicativo de función/relación coaut.
9 (RLIN) 20210
902 ## - CATALOGADOR
Iniciales GFM
942 ## - ELEMENTOS DE PUNTO DE ACCESO ADICIONAL (KOHA)
Fuente del sistema de clasificación o colocación Library of Congress Classification
Tipo de ítem Koha Libros
Holdings
Estado de retiro Estado de pérdida Estado dañado No para préstamo Localización permanente Ubicación/localización actual Fecha de adquisición Número de inventario Total de préstamos Signatura topográfica completa Código de barras Fecha visto por última vez Precio válido a partir de Tipo de ítem Koha
El ejemplar forma parte de la colección y puede ser consultado según las políticas vigentes.       Biblioteca del Museo Franz Mayer (Rogerio Casas-Alatriste) Biblioteca del Museo Franz Mayer (Rogerio Casas-Alatriste) 09/04/2014 Y171   NK4670 .F55 1964 (Y171) 8740 22/03/2019 22/03/2019 Libros